[Event "Kaupthing op-B 1st"]
[Site "Differdange"]
[Date "2007.07.08"]
[Round "1"]
[White "Birtz, Claude"]
[Black "Schuster, Tom"]
[Result "1/2-1/2"]
[WhiteElo "1936"]
[BlackElo "1528"]
[PlyCount "41"]
[EventDate "2007.07.08"]
[EventType "swiss"]
[EventRounds "9"]
[EventCountry "LUX"]
[SourceTitle "EXT 2008"]
[Source "ChessBase"]
[SourceDate "2007.11.25"]
[SourceVersion "1"]
[SourceVersionDate "2007.11.25"]
[SourceQuality "1"]

1. d4 d5 2. c4 c6 3. Nc3 Nf6 4. Bf4 a6 5. e3 Bf5 6. Nf3 e6 7. Be2 Bd6 8. Ne5 0-0 9. 0-0 h6 10. h3 Bc7 11. Qb3 Qc8 12. Na4 Nbd7 13. Nxd7 Nxd7 14. Bxc7 Qxc7 15. c5 Rab8 16. Rac1 Rfc8 17. Rfd1 e5 18. Bg4 Bxg4 19. hxg4 exd4 20. exd4 Qf4 21. Qf3 1/2-1/2